<?xml version="1.0" encoding="UTF-8"?>
<record
    xmlns:xsi="http://www.w3.org/2001/XMLSchema-instance"
    xsi:schemaLocation="http://www.loc.gov/MARC21/slim http://www.loc.gov/standards/marcxml/schema/MARC21slim.xsd"
    xmlns="http://www.loc.gov/MARC21/slim">

  <leader>02732aam a22002891i 4500</leader>
  <controlfield tag="001">991007642989707026</controlfield>
  <controlfield tag="003">UkOxU</controlfield>
  <controlfield tag="005">20260309165719.0</controlfield>
  <controlfield tag="006">m    ||  d |      </controlfield>
  <controlfield tag="007">cr |||||||||||</controlfield>
  <controlfield tag="008">150731s2015    enk     ob    001 0 eng d</controlfield>
  <datafield tag="020" ind1=" " ind2=" ">
    <subfield code="a">9781292399805 </subfield>
  </datafield>
  <datafield tag="040" ind1=" " ind2=" ">
    <subfield code="c">tbs</subfield>
  </datafield>
  <datafield tag="041" ind1=" " ind2=" ">
    <subfield code="a">English</subfield>
  </datafield>
  <datafield tag="050" ind1="1" ind2="4">
    <subfield code="a">HF5636</subfield>
    <subfield code="b">.E47 2015</subfield>
  </datafield>
  <datafield tag="100" ind1=" " ind2=" ">
    <subfield code="a">Elliott, Barry</subfield>
    <subfield code="e">author.</subfield>
    <subfield code="9">6995</subfield>
  </datafield>
  <datafield tag="245" ind1="1" ind2="0">
    <subfield code="a">Financial accounting and reporting </subfield>
    <subfield code="c">/ Barry Elliott and Jamie Elliott.</subfield>
  </datafield>
  <datafield tag="250" ind1=" " ind2=" ">
    <subfield code="a">Twentieth edition</subfield>
  </datafield>
  <datafield tag="264" ind1=" " ind2="1">
    <subfield code="a">Harlow, Essex :</subfield>
    <subfield code="b">Pearson,</subfield>
    <subfield code="c">2022</subfield>
  </datafield>
  <datafield tag="300" ind1=" " ind2=" ">
    <subfield code="a">xxix, 855 pages</subfield>
  </datafield>
  <datafield tag="504" ind1=" " ind2=" ">
    <subfield code="a">Includes bibliographical references and index.</subfield>
  </datafield>
  <datafield tag="505" ind1=" " ind2=" ">
    <subfield code="a">Accounting and reporting on a cash flow basis &#x2014; Accounting and reporting on an accrual accounting basis &#x2014; Preparation of financial statements of comprehensive income, changes in equity and financial position &#x2014; Annual Report: additional financial disclosures &#x2014; Statements of cash flows &#x2014; Part 2 &#x2014; INCOME AND ASSET VALUE MEASUREMENT SYSTEMS &#x2014; Income and asset value measurement: an economist's approach &#x2014; Accounting for price-level changes &#x2014; Revenue recognition &#x2014; Part 3 &#x2014; REGULATORY FRAMEWORK - AN ATTEMPT TO ACHIEVE UNIFORMITY &#x2014; Financial reporting - evolution of global standards &#x2014; Concepts - evolution of an international conceptual framework &#x2014; Ethical behaviour and implications for accountants &#x2014; Part 4 &#x2014; STATEMENT OF FINANCIAL POSITION - EQUITY, LIABILITY AND ASSET MEASUREMENT AND DISCLOSURE &#x2014; Share capital, distributable profits and reduction of capital &#x2014; Liabilities &#x2014; Financial instruments &#x2014; Employee benefits &#x2014; Taxation in company accounts &#x2014; Property, plant and equipment (PPE) &#x2014; Leasing &#x2014; Intangible assets &#x2014; Inventories &#x2014; Construction contracts &#x2014; Part 5 &#x2014; CONSOLIDATED ACCOUNTS &#x2014; Accounting for groups at the date of acquisition &#x2014; Preparation of consolidated statements of financial position after the date of acquisition &#x2014; Preparation of consolidated statements of income, changes in equity and cash flows &#x2014; Accounting for associates and joint arrangements &#x2014; Introduction to accounting for exchange differences &#x2014; Part 6 &#x2014; INTERPRETATION &#x2014; Earnings per share &#x2014; Review of financial statements for management purposes &#x2014; Analysis of published financial statements &#x2014; An introduction to financial reporting on the Internet &#x2014; Part 7 &#x2014; ACCOUNTABILITY &#x2014; Corporate governance &#x2014; Sustainability - environmental and social reporting &#x2014; Index.</subfield>
  </datafield>
  <datafield tag="650" ind1=" " ind2="0">
    <subfield code="a">Accounting</subfield>
    <subfield code="9">103</subfield>
  </datafield>
  <datafield tag="650" ind1=" " ind2="0">
    <subfield code="a">Financial statements</subfield>
    <subfield code="9">2479</subfield>
  </datafield>
  <datafield tag="856" ind1=" " ind2=" ">
    <subfield code="u">https://bibliotheque.tbs-education.fr/Default/doc/SYRACUSE/3399601/financial-accounting-reporting-barry-elliott</subfield>
  </datafield>
  <datafield tag="942" ind1=" " ind2=" ">
    <subfield code="2">lcc</subfield>
  </datafield>
  <datafield tag="952" ind1=" " ind2=" ">
    <subfield code="0">0</subfield>
    <subfield code="1">0</subfield>
    <subfield code="2">lcc</subfield>
    <subfield code="4">0</subfield>
    <subfield code="7">0</subfield>
    <subfield code="a">TBS</subfield>
    <subfield code="b">TBS</subfield>
    <subfield code="d">2025-09-10</subfield>
    <subfield code="l">0</subfield>
    <subfield code="r">2025-09-10</subfield>
    <subfield code="t">1</subfield>
    <subfield code="u">https://bibliotheque.tbs-education.fr/Default/doc/SYRACUSE/3399601/financial-accounting-reporting-barry-elliott</subfield>
    <subfield code="w">2025-09-10</subfield>
    <subfield code="y">EBOOK</subfield>
    <subfield code="z">ebook</subfield>
  </datafield>
  <datafield tag="999" ind1=" " ind2=" ">
    <subfield code="c">4925</subfield>
    <subfield code="d">4925</subfield>
  </datafield>
</record>
